[Event "Panevezys IM"]
[Site "Panevezys"]
[Date "2016.06.11"]
[Round "8"]
[White "Bivol, Alina"]
[Black "Bereslavsky, Mikhail"]
[Result "1/2-1/2"]
[WhiteElo "2359"]
[BlackElo "2297"]
[PlyCount "141"]
[EventDate "2016.06.06"]
[EventType "tourn"]
[EventRounds "9"]
[EventCountry "LTU"]
[EventCategory "2"]
[SourceTitle "CBM 172 Extra"]
[Source "ChessBase"]
[SourceDate "2016.06.21"]
[SourceVersion "1"]
[SourceVersionDate "2016.06.21"]
[SourceQuality "1"]

1. Nf3 Nf6 2. g3 d5 3. Bg2 c6 4. 0-0 Bg4 5. d3 Nbd7 6. h3 Bxf3 7. Bxf3 e6 8. Bg2 Bd6 9. c4 0-0 10. cxd5 cxd5 11. e4 Rc8 12. Nc3 dxe4 13. Nxe4 Be7 14. Nc3 Rb8 15. Be3 Nb6 16. Qb3 Nfd7 17. d4 Nf6 18. Bf4 Bd6 19. Bxd6 Qxd6 20. Nb5 Qd8 21. Nxa7 Qxd4 22. Nb5 Qc4 23. Qxc4 Nxc4 24. b3 Nb6 25. a4 Nbd5 26. a5 Rfc8 27. Rfc1 Kf8 28. Nd4 Ra8 29. Rc4 Ke7 30. Rca4 Kd6 31. Bf1 g6 32. b4 Ne4 33. a6 bxa6 34. Rxa6+ Rxa6 35. Rxa6+ Kd7 36. b5 Rc1 37. Kg2 Nxg3 38. Ra7+ Kd6 39. b6 Nxb6 40. fxg3 Nd5 41. Be2 Ke5 42. Nf3+ Kf6 43. Kf2 Rc2 44. Ne1 Rb2 45. Ra3 g5 46. Ng2 Kg6 47. Ne3 Nf6 48. Kf3 Nd7 49. Nc4 Rb4 50. Ke3 Kf6 51. Ra7 Rb3+ 52. Kd4 Nb8 53. Kc5 Rxg3 54. Bh5 e5 55. Rxf7+ Ke6 56. Rf3 Nd7+ 57. Kc6 Rxf3 58. Bg4+ Kf6 59. Bxf3 e4 60. Bxe4 Ne5+ 61. Nxe5 Kxe5 62. Bxh7 Kf4 63. Kd5 g4 64. h4 g3 65. Be4 Kg4 66. Bg2 Kxh4 67. Ke4 Kg4 68. Ke3 Kf5 69. Kf3 Ke6 70. Kxg3 Ke7 71. Kf4 1/2-1/2

[Event "Panevezys IM"]
[Site "Panevezys"]
[Date "2016.06.10"]
[Round "7"]
[White "Bereslavsky, Mikhail"]
[Black "Michelle, Catherina P"]
[Result "0-1"]
[WhiteElo "2297"]
[BlackElo "2135"]
[PlyCount "102"]
[EventDate "2016.06.06"]
[EventType "tourn"]
[EventRounds "9"]
[EventCountry "LTU"]
[EventCategory "2"]
[SourceTitle "CBM 172 Extra"]
[Source "ChessBase"]
[SourceDate "2016.06.21"]
[SourceVersion "1"]
[SourceVersionDate "2016.06.21"]
[SourceQuality "1"]

1. e4 e5 2. Nf3 Nc6 3. Nc3 Nf6 4. g3 d5 5. exd5 Nxd5 6. Bg2 Nxc3 7. bxc3 Bc5 8. 0-0 0-0 9. Re1 Re8 10. d4 exd4 11. Rxe8+ Qxe8 12. cxd4 Bd6 13. Rb1 Rb8 14. Be3 b6 15. c4 Bg4 16. Qd3 Nb4 17. Qd2 Qe4 18. Qd1 Nxa2 19. Rb3 Nb4 20. c5 bxc5 21. dxc5 Be7 22. h3 Be6 23. Ng5 Qg6 24. Nxe6 Qxe6 25. Bd5 Qc8 26. Qb1 a5 27. Kh2 Qf8 28. Be4 Bxc5 29. Bxh7+ Kh8 30. Qf5 Bxe3 31. Rxe3 g6 32. Qe5+ Kxh7 33. Re4 Kg8 34. Rh4 Qg7 35. Qxc7 Ra8 36. Qb7 Re8 37. Rf4 Qf8 38. Qb5 Ra8 39. h4 Qe8 40. Qb7 Rb8 41. Qa7 Nc6 42. Qc5 Rb4 43. Rxb4 axb4 44. h5 Kg7 45. hxg6 fxg6 46. Kh3 Qe6+ 47. g4 b3 48. f4 b2 49. Qb6 Qf6 50. Qb7+ Ne7 51. g5 Qf5+ 0-1

[Event "Panevezys IM"]
[Site "Panevezys"]
[Date "2016.06.06"]
[Round "1"]
[White "Armbrust, Florian"]
[Black "Bereslavsky, Mikhail"]
[Result "0-1"]
[WhiteElo "2316"]
[BlackElo "2297"]
[PlyCount "138"]
[EventDate "2016.06.06"]
[EventType "tourn"]
[EventRounds "9"]
[EventCountry "LTU"]
[EventCategory "2"]
[SourceTitle "CBM 172 Extra"]
[Source "ChessBase"]
[SourceDate "2016.06.21"]
[SourceVersion "1"]
[SourceVersionDate "2016.06.21"]
[SourceQuality "1"]

1. e4 e5 2. Nf3 Nc6 3. Bc4 Bc5 4. 0-0 Nf6 5. d3 a6 6. c3 d6 7. Bb3 Ba7 8. Nbd2 0-0 9. h3 h6 10. Re1 Re8 11. Nf1 Be6 12. Be3 d5 13. exd5 Bxd5 14. Bxa7 Rxa7 15. Ng3 Ra8 16. Ne4 Bxe4 17. dxe4 Na5 18. Bc2 c5 19. Qe2 Qb6 20. Rab1 Rad8 21. Nd2 Re7 22. Red1 Red7 23. Nb3 Nxb3 24. Bxb3 Qc6 25. Bc2 Qe6 26. Bb3 Qc6 27. Bc2 Rd6 28. Rxd6 Rxd6 29. Rd1 g6 30. Rxd6 Qxd6 31. a4 Qe6 32. Bb1 Nh5 33. Qd2 Nf4 34. Qd8+ Kg7 35. Qc7 Qf6 36. Qxc5 Qg5 37. g3 Nxh3+ 38. Kg2 Nf4+ 39. Kf1 Ne6 40. Qe3 Qh5 41. Ba2 Ng5 42. Bd5 Qd1+ 43. Kg2 Qxa4 44. Bxb7 Qb5 45. Bd5 Qxb2 46. Qc5 Qe2 47. Qc7 Qf3+ 48. Kf1 Qf6 49. c4 Nh3 50. Qc5 Qf3 51. Qe3 Qxe3 52. fxe3 Kf8 53. c5 Ke8 54. Ke2 Ng5 55. Kd3 Kd7 56. Kc4 Kc7 57. Kb4 Ne6 58. Bc4 Kb7 59. Bd5+ Ka7 60. Kc4 h5 61. Bc6 g5 62. Kd5 h4 63. gxh4 g4 64. h5 g3 65. h6 Nf8 66. Bd7 g2 67. c6 g1Q 68. h7 Qd1+ 69. Kxe5 Nxh7 0-1

[Event "Moscow-ch"]
[Site "Moscow"]
[Date "1999.??.??"]
[Round "5"]
[White "Slugin, Sergey"]
[Black "Bereslavsky, Mikhail"]
[Result "1-0"]
[WhiteElo "2317"]
[BlackElo "2143"]
[PlyCount "69"]
[EventDate "1999.??.??"]
[EventType "swiss"]
[EventRounds "9"]
[EventCountry "RUS"]
[SourceTitle "EXT 2001"]
[Source "ChessBase"]
[SourceDate "2000.11.22"]
[SourceVersion "1"]
[SourceVersionDate "2000.11.22"]
[SourceQuality "1"]

1. e4 d6 2. d4 Nf6 3. Nc3 g6 4. g3 Bg7 5. Bg2 0-0 6. Nge2 e5 7. h3 Nc6 8. Be3 Bd7 9. 0-0 exd4 10. Nxd4 Re8 11. Nde2 b5 12. a3 a5 13. g4 b4 14. axb4 axb4 15. Rxa8 Qxa8 16. Nd5 Qa5 17. Nxf6+ Bxf6 18. b3 Na7 19. Nf4 Bc6 20. Re1 Bg7 21. Qd3 Nb5 22. Nd5 Nc3 23. Qc4 Bxd5 24. exd5 Re5 25. Rf1 h5 26. Bf3 hxg4 27. hxg4 Nxd5 28. Bd4 Rg5 29. Ra1 Nb6 30. Rxa5 Nxc4 31. Ra8+ Kh7 32. Bxg7 Nd2 33. Bf6 Nxf3+ 34. Kh1 Rh5+ 35. gxh5 1-0

[Event "Moscow Petrosian Memorial U18"]
[Site "Moscow"]
[Date "1998.??.??"]
[Round "?"]
[White "Bereslavsky, Mikhail"]
[Black "Jeremic, Veljko"]
[Result "1/2-1/2"]
[WhiteElo "2075"]
[BlackElo "2135"]
[PlyCount "41"]
[EventDate "1998.??.??"]
[EventType "swiss"]
[EventRounds "9"]
[EventCountry "RUS"]
[SourceTitle "EXT 1999"]
[Source "ChessBase"]
[SourceDate "1998.11.16"]
[SourceVersion "1"]
[SourceVersionDate "1998.11.16"]
[SourceQuality "1"]

1. e4 e6 2. d4 d5 3. Nd2 Nf6 4. e5 Nfd7 5. Bd3 c5 6. c3 Nc6 7. Ne2 Qb6 8. Nf3 cxd4 9. cxd4 Bb4+ 10. Bd2 Bxd2+ 11. Qxd2 Qb4 12. Rc1 Nb6 13. 0-0 Qxd2 14. Nxd2 Bd7 15. a3 Ke7 16. Nb3 Na4 17. Rc2 Rhc8 18. Nc3 Nxc3 19. Rxc3 Nd8 20. Rfc1 Rxc3 21. Rxc3 1/2-1/2

[Event "Moscow Petrosian Memorial U18"]
[Site "Moscow"]
[Date "1998.??.??"]
[Round "?"]
[White "Dvoretskij, Alexey"]
[Black "Bereslavsky, Mikhail"]
[Result "1/2-1/2"]
[WhiteElo "2140"]
[BlackElo "2075"]
[PlyCount "54"]
[EventDate "1998.??.??"]
[EventType "swiss"]
[EventRounds "9"]
[EventCountry "RUS"]
[SourceTitle "EXT 1999"]
[Source "ChessBase"]
[SourceDate "1998.11.16"]
[SourceVersion "1"]
[SourceVersionDate "1998.11.16"]
[SourceQuality "1"]

1. e4 d6 2. d4 g6 3. Nf3 Nf6 4. Nc3 Bg7 5. Be2 0-0 6. 0-0 Bg4 7. e5 Nfd7 8. h3 Bxf3 9. Bxf3 Nc6 10. exd6 cxd6 11. Be3 Nb6 12. Ne2 Nc4 13. Qd3 Nxe3 14. Qxe3 Qb6 15. c3 a5 16. Qd2 a4 17. Rab1 e5 18. Bxc6 Qxc6 19. b3 b5 20. Rfc1 Rfc8 21. c4 axb3 22. axb3 bxc4 23. bxc4 Ra4 24. c5 Qd5 25. cxd6 Rd8 26. Qc2 Ra2 27. Qc7 Raa8 1/2-1/2

[Event "Moscow Petrosian Memorial U18"]
[Site "Moscow"]
[Date "1998.??.??"]
[Round "?"]
[White "Grachev, Boris V"]
[Black "Bereslavsky, Mikhail"]
[Result "1/2-1/2"]
[WhiteElo "2205"]
[BlackElo "2075"]
[PlyCount "47"]
[EventDate "1998.??.??"]
[EventType "swiss"]
[EventRounds "9"]
[EventCountry "RUS"]
[SourceTitle "EXT 1999"]
[Source "ChessBase"]
[SourceDate "1998.11.16"]
[SourceVersion "1"]
[SourceVersionDate "1998.11.16"]
[SourceQuality "1"]

1. e4 e6 2. d4 d5 3. Nc3 Nf6 4. e5 Nfd7 5. f4 c5 6. Nf3 Nc6 7. Be3 a6 8. Qd2 b5 9. dxc5 Bxc5 10. Bxc5 Nxc5 11. Qf2 Qb6 12. Bd3 b4 13. Ne2 a5 14. 0-0 Ba6 15. Rfc1 0-0 16. Kh1 Rfb8 17. Bxa6 Rxa6 18. Ng3 Rc8 19. b3 Na7 20. Nd4 Nd7 21. Qd2 Qc5 22. Nge2 Nb5 23. Qd3 Rb6 24. Nxb5 1/2-1/2

[Event "Moscow Kasparov Cup"]
[Site "Moscow"]
[Date "1998.??.??"]
[Round "2"]
[White "Kazakov, Peter"]
[Black "Bereslavsky, Mikhail"]
[Result "1-0"]
[WhiteElo "2210"]
[BlackElo "2075"]
[PlyCount "65"]
[EventDate "1998.??.??"]
[EventType "swiss"]
[EventRounds "9"]
[EventCountry "RUS"]
[SourceTitle "EXT 2000"]
[Source "ChessBase"]
[SourceDate "1999.11.16"]
[SourceVersion "1"]
[SourceVersionDate "1999.11.16"]
[SourceQuality "1"]

1. e4 e6 2. d4 d5 3. Nc3 Nf6 4. Bg5 dxe4 5. Nxe4 Nbd7 6. Nf3 Be7 7. Bxf6 Nxf6 8. Bd3 0-0 9. Qe2 Nd5 10. 0-0-0 Nf4 11. Qd2 Nxd3+ 12. Qxd3 b6 13. h4 h6 14. Kb1 Bb7 15. Qe3 Qd5 16. Nc3 Qf5 17. Ne5 Bxg2 18. Rhg1 Bb7 19. Qxh6 Qh7 20. Qe3 Rfd8 21. Qf4 Qf5 22. Qg3 Qh7 23. Ng4 Qxh4 24. Qf4 Kf8 25. f3 Bd6 26. Qe3 Qh3 27. Ne4 Bxe4 28. Qxe4 Qh5 29. Ne3 Rab8 30. f4 Qh6 31. Rh1 Qg6 32. f5 Qf6 33. Rh8+ 1-0

[Event "RUS-Cup02"]
[Site "Moscow"]
[Date "1998.??.??"]
[Round "5"]
[White "Zhelesny, Stanislav"]
[Black "Bereslavsky, Mikhail"]
[Result "1-0"]
[WhiteElo "2290"]
[BlackElo "2075"]
[PlyCount "77"]
[EventDate "1998.01.21"]
[EventType "swiss"]
[EventRounds "9"]
[EventCountry "RUS"]
[SourceTitle "EXT 1999"]
[Source "ChessBase"]
[SourceDate "1998.11.16"]
[SourceVersion "1"]
[SourceVersionDate "1998.11.16"]
[SourceQuality "1"]

1. Nf3 Nf6 2. g3 g6 3. Bg2 Bg7 4. 0-0 0-0 5. d4 d6 6. c4 Nc6 7. b3 Bg4 8. Bb2 Nd7 9. Nbd2 e5 10. d5 Ne7 11. Ne1 f5 12. f3 Bh5 13. e4 g5 14. exf5 Nxf5 15. Nc2 Bg6 16. Ne4 Qe7 17. Qd2 Bh6 18. Ne3 Nxe3 19. Qxe3 Nf6 20. Nf2 Bg7 21. Rae1 Rae8 22. Bh3 Nh5 23. Ne4 h6 24. Be6+ Bf7 25. Bg4 c6 26. c5 cxd5 27. cxd6 Qd8 28. d7 Re7 29. Nd6 Nf6 30. Nc8 Rxd7 31. Bxd7 Nxd7 32. Nd6 d4 33. Nxf7 Rxf7 34. Qd3 Nc5 35. Qc4 Qd6 36. Ba3 b6 37. Bxc5 Qxc5 38. Qxc5 bxc5 39. h3 1-0

[Event "Moscow Petrosian Memorial U18"]
[Site "Moscow"]
[Date "1997.??.??"]
[Round "?"]
[White "Bereslavsky, Mikhail"]
[Black "Novikov, Stanislav"]
[Result "0-1"]
[WhiteElo "2185"]
[BlackElo "2230"]
[PlyCount "58"]
[EventDate "1997.??.??"]
[EventType "swiss"]
[EventRounds "9"]
[EventCountry "RUS"]
[SourceTitle "EXT 1999"]
[Source "ChessBase"]
[SourceDate "1998.11.16"]
[SourceVersion "1"]
[SourceVersionDate "1998.11.16"]
[SourceQuality "1"]

1. e4 d6 2. d4 c6 3. Nc3 g6 4. Nf3 Bg7 5. Be2 b5 6. 0-0 Nf6 7. Bg5 b4 8. Bxf6 exf6 9. Na4 f5 10. e5 dxe5 11. Nxe5 Qa5 12. Nc4 Qd5 13. Qd2 Na6 14. Qe3+ Be6 15. Nd2 Bxd4 16. Qh6 Nc5 17. Nxc5 Qxc5 18. Nf3 Bxb2 19. Rab1 Bc3 20. Ng5 Qe5 21. Bf3 Rc8 22. Rbd1 Bc4 23. Qh4 Bxf1 24. Bxc6+ Kf8 25. Rd7 Bc4 26. Nf3 Qf6 27. Qxc4 Rxc6 28. Rxf7+ Qxf7 29. Qxc6 Kg7 0-1

[Event "Moscow-ch"]
[Site "Moscow"]
[Date "1997.??.??"]
[Round "1"]
[White "Yanvarjov, Igor"]
[Black "Bereslavsky, Mikhail"]
[Result "1-0"]
[WhiteElo "2420"]
[BlackElo "2185"]
[PlyCount "61"]
[EventDate "1997.??.??"]
[EventType "swiss"]
[EventRounds "9"]
[EventCountry "RUS"]
[SourceTitle "EXT 2000"]
[Source "ChessBase"]
[SourceDate "1999.11.16"]
[SourceVersion "1"]
[SourceVersionDate "1999.11.16"]
[SourceQuality "1"]

1. d4 Nf6 2. Nf3 g6 3. c4 Bg7 4. Nc3 0-0 5. e4 d6 6. Be2 e5 7. d5 a5 8. Bg5 Na6 9. Nd2 h6 10. Be3 Nc5 11. 0-0 Ne8 12. f3 b6 13. Kh1 f5 14. exf5 Bxf5 15. g4 Bd7 16. Qc2 Kh7 17. Nde4 Qe7 18. Nxc5 dxc5 19. Bd3 Qf6 20. Ne4 Qh4 21. Kg2 Rg8 22. Rae1 Bf8 23. Qc3 Bd6 24. Bf2 Qe7 25. Bg3 Ng7 26. f4 Rae8 27. fxe5 Bxe5 28. Bxe5 Qh4 29. Nf6+ Kh8 30. Bg3 Qg5 31. h4 1-0

[Event "Moscow-ch"]
[Site "Moscow"]
[Date "1996.??.??"]
[Round "6"]
[White "Afanasiev, Vadim"]
[Black "Bereslavsky, Mikhail"]
[Result "1-0"]
[WhiteElo "2295"]
[BlackElo "2185"]
[PlyCount "85"]
[EventDate "1996.08.??"]
[EventType "swiss"]
[EventRounds "11"]
[EventCountry "RUS"]
[SourceTitle "CBM 055 Extra"]
[Source "ChessBase"]
[SourceDate "1997.01.01"]
[SourceVersion "1"]
[SourceVersionDate "1997.01.01"]
[SourceQuality "1"]

1. d4 Nf6 2. c4 g6 3. Nc3 Bg7 4. e4 d6 5. Be2 0-0 6. Bg5 e5 7. dxe5 dxe5 8. Qxd8 Rxd8 9. Nd5 Nbd7 10. Rd1 Rf8 11. Nxc7 Rb8 12. f3 Nc5 13. Nd5 Nxd5 14. cxd5 f6 15. Be3 Na4 16. Rd2 b6 17. Bb5 Nc5 18. b4 Na6 19. a3 Nc7 20. Bc6 Bb7 21. Bxb7 Rxb7 22. Ne2 Nb5 23. a4 Na3 24. Kf2 Rc8 25. Ra1 Nc4 26. Rc2 Rbc7 27. Rac1 Bf8 28. Rb1 Nxe3 29. Rxc7 Rxc7 30. Kxe3 Rc4 31. Kd3 Rxb4 32. Rxb4 Bxb4 33. Kc4 Bc5 34. a5 Kf7 35. a6 Ke7 36. Nc3 Bd6 37. Nb5 Bb8 38. g3 g5 39. d6+ Ke6 40. g4 h6 41. h3 f5 42. exf5+ Kf6 43. Kd5 1-0

[Event "Moscow-ch"]
[Site "Moscow"]
[Date "1996.??.??"]
[Round "10"]
[White "Bereslavsky, Mikhail"]
[Black "Evelev, Vladimir M"]
[Result "0-1"]
[WhiteElo "2185"]
[BlackElo "2335"]
[PlyCount "36"]
[EventDate "1996.08.??"]
[EventType "swiss"]
[EventRounds "11"]
[EventCountry "RUS"]
[SourceTitle "CBM 055 Extra"]
[Source "ChessBase"]
[SourceDate "1997.01.01"]
[SourceVersion "1"]
[SourceVersionDate "1997.01.01"]
[SourceQuality "1"]

1. e4 e5 2. Nf3 Nc6 3. Bb5 g6 4. 0-0 Bg7 5. c3 d6 6. h3 Nge7 7. d3 0-0 8. Bg5 h6 9. Bxe7 Qxe7 10. Re1 f5 11. d4 fxe4 12. Rxe4 Bf5 13. Qb3+ Kh7 14. Re1 Bxh3 15. dxe5 Rxf3 16. gxh3 Qg5+ 17. Kf1 Raf8 18. Re2 Rxh3 0-1

[Event "Moscow-ch"]
[Site "Moscow"]
[Date "1996.??.??"]
[Round "4"]
[White "Bereslavsky, Mikhail"]
[Black "Krasnov, Sergey"]
[Result "0-1"]
[WhiteElo "2185"]
[BlackElo "2295"]
[PlyCount "38"]
[EventDate "1996.08.??"]
[EventType "swiss"]
[EventRounds "11"]
[EventCountry "RUS"]
[SourceTitle "CBM 055 Extra"]
[Source "ChessBase"]
[SourceDate "1997.01.01"]
[SourceVersion "1"]
[SourceVersionDate "1997.01.01"]
[SourceQuality "1"]

1. e4 g6 2. d4 Bg7 3. Nc3 d6 4. Be2 Nf6 5. h4 h5 6. Nh3 Nc6 7. Nf4 0-0 8. f3 e5 9. dxe5 Nxe5 10. Nfd5 Nxd5 11. Nxd5 c6 12. Nc3 Be6 13. Bg5 Qb6 14. Qc1 d5 15. Bd3 f5 16. Rb1 fxe4 17. fxe4 Nxd3+ 18. cxd3 Qf2+ 19. Kd1 Bg4+ 0-1

[Event "Moscow-ch"]
[Site "Moscow"]
[Date "1996.??.??"]
[Round "5"]
[White "Bereslavsky, Mikhail"]
[Black "Sakov, Anatolij J"]
[Result "1-0"]
[WhiteElo "2185"]
[BlackElo "2275"]
[PlyCount "56"]
[EventDate "1996.08.??"]
[EventType "swiss"]
[EventRounds "11"]
[EventCountry "RUS"]
[SourceTitle "CBM 055 Extra"]
[Source "ChessBase"]
[SourceDate "1997.01.01"]
[SourceVersion "1"]
[SourceVersionDate "1997.01.01"]
[SourceQuality "1"]

1. e4 e6 2. d4 d5 3. Nc3 Nf6 4. Bg5 Bb4 5. e5 h6 6. exf6 hxg5 7. fxg7 Rg8 8. Qh5 Qf6 9. Nf3 Qxg7 10. h4 g4 11. Ne5 Nd7 12. 0-0-0 Bxc3 13. bxc3 Nf6 14. Qg5 Qxg5+ 15. hxg5 Ne4 16. g6 f6 17. Nxg4 Rxg6 18. Rh8+ Ke7 19. Bd3 Rxg4 20. f3 Rf4 21. fxe4 dxe4 22. Bc4 c6 23. Rdh1 f5 24. R1h7+ Kf6 25. Rc7 Rf2 26. Rf8+ Kg5 27. Rcxc8 Rxc8 28. Rxc8 Kf4 1-0